| 000 | 03128nam0a2200409 4500 | ||
|---|---|---|---|
| 001 | RU\NLR\BIBL_A\012326052 | ||
| 005 | 20200915154104.0 | ||
| 010 |
_a978-5-93026-092-2 _9200 |
||
| 021 |
_aRU _bКН-П-20-024538 _9КН-П-20-1906 |
||
| 035 | _a(NLR Aleph) 012326052 | ||
| 035 | _a(RuMoRGB)010335618 | ||
| 090 |
_a11446967 _c11446967 |
||
| 100 | _a20200903d2020 u y0rusy50 ca | ||
| 101 | 0 | _arus | |
| 102 | _aRU | ||
| 105 | _aa|||jzzz0||zy | ||
| 181 | 0 |
_ai _baxxe |
|
| 182 | 0 | _an | |
| 200 | 1 |
_aОсновы организации и управления в строительстве _eкурс лекций _eдля студентов направления подготовки 08.03.01 "Строительство" направленность (профиль) подготовки "Промышленное и гражданское строительство", "Тепло-, газоснабжение, вентеляция", "Водоснабжение и водоотведение", "Экспертиза и управление недвижимостью" очной и заочной форм обучения _fГосударственное бюджетное образовательное учреждение Астраханской области высшего образования "Астраханский государственный архитектурно-строительный университет" _g[сост.: преп. Г. Б. Сучилин] |
|
| 203 |
_aТекст _bвизуальный _cнепосредственный |
||
| 210 |
_aАстрахань _cАстраханский государственный архитектурно-строительный университет _d2020 |
||
| 215 |
_a139 с. _cил., табл. _d21 |
||
| 300 | _aНа обл. авт.: Г. Б. Сучилин | ||
| 320 | _aБиблиогр.: с. 139 (17 назв.) | ||
| 606 | 1 |
_aСтроительная промышленность _jУчебные издания для высших учебных заведений _xОрганизация производства _91771489 _3RU\NLR\AUTH\661090223 |
|
| 606 | 1 |
_aСтроительная промышленность _jУчебные издания для высших учебных заведений _xУправление _91788488 _3RU\NLR\AUTH\661098811 |
|
| 606 | 1 |
_aСтроительные работы _jУчебные издания для высших учебных заведений _xОрганизация _91288246 _3RU\NLR\AUTH\66214554 |
|
| 686 | 1 | _aУ31(2)-801я73 | |
| 686 | 1 | _aН6-6я73-2 | |
| 702 | 1 |
_aСучилин _bГ. Б. _gГеоргий Борисович _4220 |
|
| 712 | 0 | 2 |
_4570 _aАстраханский государственный архитектурно-строительный университет _bКафедра "Промышленное и гражданское строительство" _9712007 _3RU\NLR\AUTH\880525246 |
| 942 | _cBOOK | ||
| 980 | _aNBR | ||
| 980 | _aNB | ||